|
|
|
|
| LEADER |
00000nam0a2200000 4500 |
| 001 |
254461 |
| 005 |
20241126063151.0 |
| 010 |
|
|
|a 5120006612
|
| 035 |
|
|
|a (RuTPU)RU\TPU\book\276921
|
| 090 |
|
|
|a 254461
|
| 100 |
|
|
|a 20140320d1989 k y0rusy50 ca
|
| 101 |
0 |
|
|a rus
|
| 102 |
|
|
|a UA
|
| 105 |
|
|
|a y z 001zy
|
| 200 |
1 |
|
|a Украинско-чехословацкие интернациональные связи
|e сборник научных трудов
|f Академия наук Украинской ССР (АН УССР), Институт истории ; под ред. Ч. Аморта
|
| 210 |
|
|
|a Киев
|c Наукова думка
|d 1989
|
| 215 |
|
|
|a 260 с.
|
| 320 |
|
|
|a Библиогр. в конце ст.
|
| 606 |
1 |
|
|a Международные отношения
|2 stltpush
|3 (RuTPU)RU\TPU\subj\73119
|
| 606 |
|
|
|a Россия
|x История
|7 ca
|8 rus
|2 stltpush
|3 (RuTPU)RU\TPU\subj\64777
|9 81526
|
| 610 |
1 |
|
|a Украина
|
| 610 |
1 |
|
|a Чехословакия
|
| 610 |
1 |
|
|a интернациональные связи
|
| 610 |
1 |
|
|a дружба
|
| 610 |
1 |
|
|a сотрудничество
|
| 610 |
1 |
|
|a интернациональное сотрудничество
|
| 610 |
1 |
|
|a рабочий класс
|
| 610 |
1 |
|
|a научно-техническое сотрудничество
|
| 686 |
|
|
|a Ф4(2)9(4Че)
|2 rubbk
|
| 686 |
|
|
|a Т3(2)0-6
|2 rubbk
|
| 702 |
|
1 |
|a Аморт
|b Ч.
|4 340
|
| 712 |
0 |
2 |
|a Академия наук Украинской ССР (АН УССР)
|b Институт истории
|c (Киев)
|2 stltpush
|3 (RuTPU)RU\TPU\col\18343
|
| 801 |
|
1 |
|a RU
|b 63413507
|c 20140320
|
| 801 |
|
2 |
|a RU
|b 63413507
|c 20140513
|g RCR
|
| 942 |
|
|
|c BK
|